000 00327nam a22001457a 4500
999 _c54932
_d54932
008 190925b ||||| |||| 00| 0 eng d
020 _a9780073025827
041 _aeng
080 _a615.83
082 _a615.83
100 _a8
101 _aEGZ
245 _aTherapeutic Massage and Bodywork
_cSaeger,J.L
942 _2udc
_cBK